Catálogo público

Métodos aprobados en la producción de ganado vacuno para carne / Elwood M. Juergenson; traducción Francisco Contró M. (Record no. 216916)

MARC details
000 -CABECERA
campo de control de longitud fija 00971nam a2200241Ia 4500
001 - NÚMERO DE CONTROL
campo de control Z_3857
008 - DATOS DE LONGITUD FIJA--INFORMACIÓN GENERAL
campo de control de longitud fija 220601s9999 xx 000 0 und d
082 ## - NÚMERO DE LA CLASIFICACIÓN DECIMAL DEWEY
Número de clasificación 636.213 J48
100 ## - ENTRADA PRINCIPAL--NOMBRE DE PERSONA
Nombre de persona Juergenson, Elwood M.
9 (RLIN) 62280
245 ## - MENCIÓN DE TÍTULO
Título Métodos aprobados en la producción de ganado vacuno para carne / Elwood M. Juergenson; traducción Francisco Contró M.
260 ## - PUBLICACIÓN, DISTRIBUCIÓN, ETC.
Lugar de publicación, distribución, etc. México : Trillas
300 ## - DESCRIPCIÓN FÍSICA
Extensión 366 p.
500 ## - NOTA GENERAL
Nota general Traducción de la obra en inglés: Approved practicesin beef cattle production de la 3th ed. en inglésla biblioteca cuenta con las reimpresiones: 4a reimp. de 1975, 5a reimp. de 1979 y 6a reimp. de 1981
503 ## - NOTA DE HISTORIA BIBLIOGRÁFICA (BK CF MU) [OBSOLETO]
Nota de historia bibliográfica ej.1: s/n \ ej.2: Donación \ ej. 3: s/n
650 ## - PUNTO DE ACCESO ADICIONAL DE MATERIA--TÉRMINO DE MATERIA
Término de materia o nombre geográfico como elemento de entrada 1. Ganado de carne - Producción
9 (RLIN) 178435
650 ## - PUNTO DE ACCESO ADICIONAL DE MATERIA--TÉRMINO DE MATERIA
Término de materia o nombre geográfico como elemento de entrada Carne
9 (RLIN) 19053
700 ## - PUNTO DE ACCESO ADICIONAL--NOMBRE DE PERSONA
Nombre de persona Contró M., Francisco, tr.Ì
9 (RLIN) 180785
901 ## - ELEMENTOS DE DATOS A LOCAL LDA (RLIN)
a 636.213 J48
902 ## - ELEMENTOS DE DATOS B LOCAL, LDB (RLIN)
a M
905 ## - ELEMENTOS DE DATOS E LOCAL, LDE (RLIN)
a 3232271966 mx adm 7211113311sp 16
942 ## - ELEMENTOS DE PUNTO DE ACCESO ADICIONAL (KOHA)
Tipo de ítem Koha Libro_
Holdings
Estado de retiro Estado de pérdida Fuente del sistema de clasificación o colocación Estado dañado No para préstamo Código de colección Localización permanente Ubicación/localización actual Ubicación en estantería Fecha de adquisición Total de préstamos Código de barras Fecha visto por última vez Número de copia Precio válido a partir de Tipo de ítem Koha
    Dewey Decimal Classification     General Zootecnia Zootecnia   09/11/2005   z_4156 02/06/2022 3 02/06/2022 Libro
    Dewey Decimal Classification     General Zootecnia Zootecnia   09/11/2005   z_4154 02/06/2022 1 02/06/2022 Libro
    Dewey Decimal Classification     General Zootecnia Zootecnia   09/11/2005   z_4155 02/06/2022 2 02/06/2022 Libro